| 000 | 04145nam a2200313 a 4500 | ||
|---|---|---|---|
| 001 | 991017720342407486 | ||
| 005 | 20260421112304.0 | ||
| 008 | 250821n ck a gr 000 0 spa d | ||
| 020 | _a9789587362367 | ||
| 040 |
_aCO-BoBLA _bspa _cCO-BoBLA _erda |
||
| 041 | 0 | _aspa | |
| 082 | 0 | 4 |
_a636.08964/ _bD948d |
| 100 |
_aDurán Ramírez, Felipe. _eorg _edrt _9534 |
||
| 245 | 1 | 0 |
_aDiabetes en gatos / _cFelipe Durán Ramirez. |
| 264 | 1 |
_aBogotá : _bGrupo Latino Editores, _c2025 |
|
| 300 |
_a209 páginas _bilustraciones, tablas y fotografías ; _c21 cm. |
||
| 336 |
_atexto _btxt _2rdacontent |
||
| 337 |
_asin mediacion _bn _2rdamedia |
||
| 338 |
_avolumen _bnc _2rdacarrier |
||
| 504 | _aIncluye referencias bibliográficas páginas 203-208. | ||
| 505 | _aContenido. -- Introducción. -- Factores de riesgo. -- Amoloide. -- Glucotoxicidad de la glucosa. -- Lipotoxicidad. -- Concepto simplificado del ciclo glucosa/ ácidos grasos. -- Tipos de diabetes. -- Patogenia de la diabetes mellitus. -- Diagnóstico de la diabetes. -- Insulinemia. -- Fructosamina. -- Pruebas adicionales.-- Tratamiento de la diabetes. --Insulina. -- Insulina para gatos diabéticos. -- Insulina lenta y NPH. -- Insulina PZI (insulina protamina zinc). -- Glargina.--Dosis indicadas. -- Tiempos de acción delas insulinas. -- Insulinoterapia. -- Tratamiento con insulina durante una cirugía. -- Protocolo. -- Cómo y cuándo realizar una curva de glucosa. -- Inyección de insulina. -- Curva ideal. -- ¿´Qué debe obtenerse de una curva de glucosa?. -- Motivos por los cuales una curva puede variar de día en día con la misma dosis. -- Glucómetros que deben usarse para realizar la curva en casa. -- Realización de una curva de glucemia seriada en casa. -- Toma de glucosa utilizando el pabellón auricular. -- Toma de glucosa utilizando la almohadilla plantar. -- Sistema de monitorización continua de glucosa. -- Factores que influyen positivamente en la posibilidad de una remisión. -- ¿Hasta cuándo se puede alcanzar la remisión?. -- Tipos de insulinas. --Concentración de la insulina. -- Corrección o control de la resistencia a la insulina. -- Resistencia a la insulina. -- Complicaciones del tratamiento con insulina. -- Hipoglucemia. -- Hipoglucemiantes orales. -- Tipos de drogas hipoglucemiantes. --Hiperglucemia. -- Estrés hiperglucémico. -- Sobredosis de insulina. -- Subdosis de insulina. --Efecto Somogyi. -- Efecto "luna de miel" de la insulina. --Absorción inadecuada de insulina. -- Fracaso en la estabilización con la insulina. -- Control de la diabetes. -- Manejo nutricional Ajustes en la dieta del gato diabético. -- Comida casera para gatos diabéticos. --Los hidratos de carbono limite. -- Aumentar las proteínas. -- Incluir fibra en sus alimentos. -- Utilizar ingredientes frescos. -- Alimentos orgánicos para los gatos diabéticos. -- La comida seca. -- Elección entre dieta húmeda o seca. -- Cuántas veces debe alimentarse al gato diabético. -- Realización de ejercicio. -- Complicaciones crónicas | ||
| 520 | _aEsta obra técnica proporciona un análisis detallado sobre la fisiopatología, el diagnóstico y el tratamiento de la diabetes mellitus en la especie felina. El texto aborda de manera sistemática los factores de riesgo (como la obesidad y el sedentarismo), la interpretación de pruebas de laboratorio para el control de la glucemia y las últimas tendencias en protocolos de insulinoterapia. Además, dedica secciones fundamentales al manejo nutricional específico y a la educación del propietario para el monitoreo en casa, con el objetivo de lograr la remisión diabética o mejorar la calidad de vida del paciente crónico. Es un recurso de consulta esencial para profesionales y estudiantes de medicina veterinaria enfocados en la endocrinología felina. | ||
| 598 | _a1 | ||
| 650 | 7 |
_aEnfermedades de los gatos _xDiagnóstico y tratamiento. _2BLAAUTO |
|
| 650 | 0 |
_aMedicina veterinaria _xDiagnostico y tratamiento _2BLAAUTO |
|
| 650 | 0 |
_aSalud animal _xDiagnostico y tratamiento _2BLAAUTO |
|
| 650 | 0 |
_aDiabetes en los gatos _xDiagnostico y tratamiento _2BLAAUTO |
|
| 942 |
_cBK _n0 |
||
| 999 |
_c37910 _d37910 |
||